Acting : advanced techniques for the actor,director and teacher
| Main Author: | |
|---|---|
| Other Authors: | |
| Format: | Book |
| Published: |
New York :
Allworth Press ,
2005
|
| Subjects: |
MARC
| LEADER | 00000cam a2200000 7i4500 | ||
|---|---|---|---|
| 001 | 0000014542 | ||
| 005 | 20080303.0 | ||
| 008 | 080303 | ||
| 020 | |a 1581154186 | ||
| 090 | 0 | 0 | |a 792.028 |b SCH |
| 100 | 0 | |a Schreiber,Terry | |
| 245 | 1 | 0 | |a Acting : |b advanced techniques for the actor,director and teacher |c Terry Schreiber, with Mary Beth Barber; foreword by Edward Norton |
| 260 | |a New York : |b Allworth Press , |c 2005 | ||
| 650 | 0 | |a Acting | |
| 650 | 0 | |a Acting |x study and teaching | |
| 700 | 0 | |a Barber,Mary Beth | |
| 999 | |a 0001014246 |b Book |c Adult Collection |e Cawangan Urban Transformation Centre | ||